000 00620nam a22001457a 4500
020 _a0-375-50051-0
082 _a823
_bQUI/B
100 _aQUINDLEN, ANNA
245 _aBLACK AND BLUE
260 _aNEW YORK
_bRANDOM HOUSE
_c1998
300 _a293
520 _aIn Black and Blue, Fran Benedetto tells a spellbinding story: how at nineteen she fell in love with Bobby Benedetto, how their passionate marriage became a nightmare, why she stayed, and what happened on the night she finally decided to run away with her ten-year-old son and start a new life under a new name.
650 _aNOVEL
_zUNITED STATES
942 _cBK
999 _c2441
_d2441